Pays sans les lettres de "GRÈCE" - Statistiques

Statistiques générales
  • Ce quiz a été pris 18 fois
    7 depuis la dernière actualisation
  • Le résultat moyen est 17 sur 25
Statistiques - réponses
Continents Pays % Correct
Europe Kosovo
100%
Afrique Mali
100%
Amérique du Nord Bahamas
75%
Océanie Fidji
75%
Asie Japon
75%
Asie Kazakhstan
75%
Asie Laos
75%
Asie Liban
75%
Afrique Malawi
75%
Asie Oman
75%
Asie Pakistan
75%
Océanie Palaos
75%
Océanie Samoa
75%
Afrique Soudan
75%
Afrique Soudan du Sud
75%
Océanie Vanuatu
75%
Afrique Botswana
50%
Afrique Djibouti
50%
Amérique du Nord Haïti
50%
Amérique du Nord Panama
50%
Europe Pays-Bas
50%
Asie Tadjikistan
50%
Océanie Tuvalu
50%
Asie Bhoutan
25%
Asie Taïwan
25%
Aucun quiz correspondant
Distribution des résultats
% des personnes avec chaque résultat
Percentile par nombre de réponses
Votre historique - résultats
Vous n’avez pas pris ce quiz depuis la dernière actualisation